Nghiên cứu mô hình ủ rác qui mô nông hộ huyện Vĩnh Thạnh, thành phố Cần Thơ : Luận văn thạc sĩ chuyên ngành Khoa học Môi trường
Xây dựng mô hình ủ rác thải sinh hoạt qui mô hộ gia đình phù hợp cho nông hộ vùng nông thôn huyện Vĩnh Thạnh, thành phố Cần Thơ.
Na minha lista:
| Autor principal: | |
|---|---|
| Formato: | Livro |
| Idioma: | Undetermined |
| Publicado em: |
Cần Thơ
Trường Đại học Cần Thơ
2012
|
| Assuntos: | |
| Tags: |
Adicionar Tag
Sem tags, seja o primeiro a adicionar uma tag!
|
| Thư viện lưu trữ: | Trung tâm Học liệu Trường Đại học Cần Thơ |
|---|
| LEADER | 01091nam a2200229Ia 4500 | ||
|---|---|---|---|
| 001 | CTU_178548 | ||
| 008 | 210402s9999 xx 000 0 und d | ||
| 082 | |a 628.4 | ||
| 082 | |b H307 | ||
| 088 | |a 60440301 | ||
| 100 | |a Trần, Vũ Hiệp | ||
| 245 | 0 | |a Nghiên cứu mô hình ủ rác qui mô nông hộ huyện Vĩnh Thạnh, thành phố Cần Thơ : | |
| 245 | 0 | |b Luận văn thạc sĩ chuyên ngành Khoa học Môi trường | |
| 245 | 0 | |c Trần Vũ Hiệp ; Nguyễn Văn Công, Lê Hoàng Việt (Hướng dẫn khoa học) | |
| 260 | |a Cần Thơ | ||
| 260 | |b Trường Đại học Cần Thơ | ||
| 260 | |c 2012 | ||
| 520 | |a Xây dựng mô hình ủ rác thải sinh hoạt qui mô hộ gia đình phù hợp cho nông hộ vùng nông thôn huyện Vĩnh Thạnh, thành phố Cần Thơ. | ||
| 650 | |a Refuse and refuse disposal,Rác thải và xử lý rác thải | ||
| 904 | |i Thái | ||
| 910 | |a Nguyên | ||
| 980 | |a Trung tâm Học liệu Trường Đại học Cần Thơ | ||